| Tag |
First Indicator |
Second Indicator |
Subfields |
| LEADER |
00000cam a2200000 i 4500 |
| 001 |
in00000090788 |
| 005 |
20150923131142.0 |
| 008 |
760714s1977 nyua b 00110 eng |
| 010 |
|
|
|a 76024463
|
| 020 |
|
|
|z 087690228X.
|
| 020 |
|
|
|a 0876902298 (pbk.)
|
| 035 |
|
|
|a (OCoLC)02345758
|
| 035 |
|
|
|9 AAK6629AM
|
| 040 |
|
|
|a DLC
|c DLC
|d OCL
|d TXA
|d UtOrBLW
|
| 049 |
|
|
|a TXAM
|c [1503340]
|
| 050 |
0 |
0 |
|a GV789
|b .J32 1977
|
| 082 |
0 |
|
|a 797.1/22
|
| 100 |
1 |
|
|a Jacobson, Cliff.
|
| 245 |
1 |
0 |
|a Wilderness canoeing & camping /
|c by Cliff Jacobson.
|
| 250 |
|
|
|a 1st ed.
|
| 264 |
|
1 |
|a New York :
|b Dutton,
|c [1977]
|
| 264 |
|
4 |
|c ©1977
|
| 300 |
|
|
|a xii, 236 pages :
|b illustrations ;
|c 24 cm.
|
| 336 |
|
|
|a text
|b txt
|2 rdacontent
|
| 337 |
|
|
|a unmediated
|b n
|2 rdamedia
|
| 338 |
|
|
|a volume
|b nc
|2 rdacarrier
|
| 500 |
|
|
|a "A Sunrise book."
|
| 500 |
|
|
|a Includes index.
|
| 504 |
|
|
|a Bibliography: pages 197-207.
|
| 650 |
|
0 |
|a Canoes and canoeing.
|
| 650 |
|
0 |
|a Camping.
|
| 999 |
|
|
|a MARS
|
| 999 |
f |
f |
|s 754ec7a8-a26a-3b19-b4ce-738e0d0e3d3e
|i 7b489998-7cbc-318c-94e0-e393f525b560
|t 0
|
| 952 |
f |
f |
|p ric
|a Texas A&M University
|b Rellis Campus
|c Joint Library Facility
|d Remote Storage
|t 0
|e GV789 .J32 1977
|h Library of Congress classification
|i unmediated -- volume
|m A14806008930
|
| 998 |
f |
f |
|a GV789 .J32 1977
|t 0
|l Remote Storage
|